| 000 | 00438nam a2200181Ia 4500 | ||
|---|---|---|---|
| 001 | 4902 | ||
| 005 | 20260306145828.0 | ||
| 008 | 260306t2005||||xx |||||||||||||| ||spa|| | ||
| 041 | _aESP | ||
| 082 |
_a331.118 _bI61 |
||
| 100 |
_aOrganización Internacional del Trabajo (OIT) _eAUT |
||
| 245 | 0 | _aIntroducción al estudio del trabajo | |
| 260 | _c2005 | ||
| 300 |
_a _c |
||
| 650 | _aGEN | ||
| 654 | _aCAN | ||
| 942 |
_cLIB _dJUS _fJUS _2ddc _n |
||
| 999 |
_c4902 _d4902 |
||